| 000 | 00758cab a2200205 4500 | ||
|---|---|---|---|
| 001 | L136174 | ||
| 008 | 070116n2007 000 0 eng u | ||
| 035 | _a(Sirsi) u136174 | ||
| 041 | 0 | _aeng | |
| 100 | _aEastham, Paul | ||
| 245 | 0 | 0 | _aThink twice |
| 260 | _c2007 | ||
| 490 |
_aEstates Gazette _v(0702) 13 January 2007, 65-69(5) |
||
| 520 | _aLooks at Gordon Brown's proposal for a planning gain supplement, arguing that it would be unworkable. Includes a flow chart describing the planning gain supplement process and details the three downloadable consulation documents issued in December 2006. | ||
| 590 | _aNTK | ||
| 650 | 2 | 4 | _aPLANNING GAIN SUPPLEMENT |
| 651 | 4 |
_aEngland and Wales _y1543- |
|
| 690 | _aPROPERTY-PROPERTY TAXATION | ||
| 942 | _n0 | ||
| 999 |
_c78167 _d78167 |
||